000 00452cam a2200145 4500500
005 20260329015622.0
041 _afre
042 _adc
100 1 0 _aHugonnot, Emmanuel
_eauthor
245 0 0 _aFrequency drift laser pulse amplification
260 _c2026.
500 _a2
786 0 _nOptics and photonics | - | 2026-03-05 | p. 17-17
856 4 1 _uhttps://stm.cairn.info/laser-sources--bdti42452210-e6515-page-17?lang=en&redirect-ssocas=7080
999 _c1899558
_d1899558